عرض عادي
عرض مارك
- Literature
مدخل مصطلح موضوعي
001 - رقم الضبط
- حقل الضبط: 39245
003 - معرف رقم الضبط
- حقل الضبط: OSt
005 - تاريخ ووقت أخر عملية
- حقل الضبط: 20131103182246.0
008 - عناصر بيانات ثابتة الطول
- حقل تحكم ثابت الطول: 131103|||a|||||| | ||| d
040 ## - مصدر الفهرسة
- هيئة الفهرسة الأصلية: OSt
- وكالة الكتابة: OSt
150 ## - مدخل-- مصطلح تاريخي
- عنصر مدخل المصطلح الموضوعي او الاسم الجغرافي: Literature
- تفريع عام: Collections.
670 ## - بيانات المصدر موجوده
- الاستشهاد بالمصدر: Work cat.: (OSt)0: One world of literature /, c1993.
